Reds - Sudden Death - Statistics

General Stats
  • This quiz has been taken 162 times
  • The average score is 4 of 27
Answers on the Grid
Answers color-coded by a green-red scale on the quiz's grid according to % correct below.
Big Dip O'Ruby
Blush
Cherry
Cotton Candy
Hot Magenta
Hot Pink
Jazzberry Jam
Magenta
Maroon
Mauvelous
Melon
Petite Rose
Pink
Pink Sherbet
Primrose
Raspberry
Razzle Dazzle Rose
Razzmatazz
Razzmic Berry
Rose
Salmon
Scarlet
Shimmering Blush
Shocking Pink
Tickle Me Pink
Wild Strawberry
Wild Watermelon
Currant
Blazing Fire
Firetruck
Rosy Cheeks
Pomegranate
Sparkling Apple
Pinot Noir
Rogue Raspberry
Crabby
Red Delicious
Peppermint
Cranberry
Watermelon Waterfall
Gushing Lychee
Glitzy Maroon
Bell Pepper Surprise
Raging Radish
 
Answer Stats
Answer % Correct
Cherry
45%
Rose
39%
Scarlet
38%
Maroon
33%
Magenta
32%
Raspberry
27%
Wild Strawberry
21%
Pink
20%
Salmon
18%
Hot Magenta
17%
Blush
15%
Hot Pink
13%
Shocking Pink
11%
Petite Rose
8%
Melon
6%
Primrose
6%
Razzle Dazzle Rose
6%
Wild Watermelon
6%
Cotton Candy
5%
Pink Sherbet
5%
Tickle Me Pink
5%
Big Dip O'Ruby
4%
Razzmatazz
4%
Shimmering Blush
4%
Jazzberry Jam
2%
Razzmic Berry
2%
Mauvelous
1%
No matching quizzes found
Score Distribution
Percent of People with Each Score
Percentile by Number Answered
Your Score History
You have not taken this quiz